000 00984nam a2200265 a 4500
003 AR-BaBNM
005 20251128205009.0
008 082120s2002 ||||||||||||||000 | spa||
020 _a950-9693-35-9
040 _cAR-BaBNM
100 1 _aFreire, Paulo
245 0 0 _aInterrogantes y propuestas en educación
_bideales, mitos y utopía a fines del siglo XX
260 _aBuenos Aires
_bEdiciones Cinco
_c1995
300 _a95 p.
500 _aEl libro es producto de tres jornadas que se desarrollaran en Buenos Aires durante el mes de septiembre de 1993: "Interrogantes y propuestas en educación formal y no formal", "Ideales, mitos y utopía a fines del siglo xx" y en la Escuela Privada de Psicol
650 4 _aSISTEMAS ESCOLARES
650 4 _aEDUCACION NO FORMAL
650 4 _aCRISIS DE LA EDUCACION
650 4 _aFINALIDADES DE LA EDUCACION
650 4 _aSIGLO VEINTE
651 4 _aAmérica Latina
700 1 _aQuiroga, Ana P. de
942 _cBK
998 _csilvi
999 _c9627
_d9627